LDR 01092naa#a2200169#i#450# 001 RU\\bibl\126439 005 20260704191413.6 011 ## _a2949-1258 100 ## _a20260622b2026####ek#y0rusy0150####ca 102 ## _aRU 200 1# _aСовременное состояние преподавания дисциплины «Практикум по психологическому консультированию» в системе высшего образования _eЖурнальная статья 210 1# _aВладивосток _cФедеральное государственное бюджетное образовательное учреждение высшего образования "Владивостокский государственный университет" _d2026 215 ## _a12 с. 608 ## _aЖурнальная статья _2local 675 ## _aНародное образование. Воспитание. Обучение. Организация досуга. 37 _z 700 #1 _aАгафонова _gПолина Александровна 856 4# _avvgu.editorum.ru _u